Baltimore Ravens Statistical Leaders since 2000 (NFL) - Statistics

General Stats
  • This quiz has been taken 28 times
    3 since last reset
  • The average score is 187 of 312
Answer Stats
Category Year Stat Answer % Correct
Interceptions 2018 2 3-Way Tie
100%
Rushing Attempts 2000 309 Jamal Lewis
100%
Rushing Yards 2000 1364 Jamal Lewis
100%
Rushing TDs 2000 6 Jamal Lewis
100%
Rushing Attempts 2002 308 Jamal Lewis
100%
Rushing Yards 2002 1327 Jamal Lewis
100%
Rushing TDs 2002 6 Jamal Lewis
100%
Rushing Attempts 2003 387 Jamal Lewis
100%
Rushing Yards 2003 2066 Jamal Lewis
100%
Rushing TDs 2003 14 Jamal Lewis
100%
Rushing Attempts 2004 235 Jamal Lewis
100%
Rushing Yards 2004 1006 Jamal Lewis
100%
Rushing TDs 2004 7 Jamal Lewis
100%
Rushing Attempts 2005 269 Jamal Lewis
100%
Rushing Yards 2005 906 Jamal Lewis
100%
Rushing TDs 2005 3 Jamal Lewis
100%
Rushing Attempts 2006 314 Jamal Lewis
100%
Rushing Yards 2006 1132 Jamal Lewis
100%
Rushing TDs 2006 9 Jamal Lewis
100%
Interceptions 2015 3 Jimmy Smith
100%
Passing Yards 2008 2971 Joe Flacco
100%
Passing TDs 2008 14 Joe Flacco
100%
Interceptions Thrown 2008 12 Joe Flacco
100%
Passing Yards 2009 3613 Joe Flacco
100%
Passing TDs 2009 21 Joe Flacco
100%
Interceptions Thrown 2009 12 Joe Flacco
100%
Passing Yards 2010 3622 Joe Flacco
100%
Passing TDs 2010 25 Joe Flacco
100%
Interceptions Thrown 2010 10 Joe Flacco
100%
Passing Yards 2011 3610 Joe Flacco
100%
Passing TDs 2011 20 Joe Flacco
100%
Interceptions Thrown 2011 12 Joe Flacco
100%
Passing Yards 2012 3817 Joe Flacco
100%
Passing TDs 2012 22 Joe Flacco
100%
Interceptions Thrown 2012 10 Joe Flacco
100%
Passing Yards 2013 3912 Joe Flacco
100%
Passing TDs 2013 19 Joe Flacco
100%
Interceptions Thrown 2013 22 Joe Flacco
100%
Passing Yards 2014 3986 Joe Flacco
100%
Passing TDs 2014 27 Joe Flacco
100%
Interceptions Thrown 2014 12 Joe Flacco
100%
Passing Yards 2015 2791 Joe Flacco
100%
Passing TDs 2015 14 Joe Flacco
100%
Interceptions Thrown 2015 12 Joe Flacco
100%
Rushing TDs 2015 3 Joe Flacco
100%
Passing Yards 2016 4317 Joe Flacco
100%
Passing TDs 2016 20 Joe Flacco
100%
Interceptions Thrown 2016 15 Joe Flacco
100%
Passing Yards 2017 3141 Joe Flacco
100%
Passing TDs 2017 18 Joe Flacco
100%
Interceptions Thrown 2017 13 Joe Flacco
100%
Passing Yards 2018 2465 Joe Flacco
100%
Passing TDs 2018 12 Joe Flacco
100%
Interceptions Thrown 2018 6 Joe Flacco
100%
Rushing Attempts 2018 147 Lamar Jackson
100%
Passing Yards 2019 3127 Lamar Jackson
100%
Passing TDs 2019 36 Lamar Jackson
100%
Interceptions Thrown 2019 6 Lamar Jackson
100%
Rushing Yards 2019 1206 Lamar Jackson
100%
Passing Yards 2020 2757 Lamar Jackson
100%
Passing TDs 2020 26 Lamar Jackson
100%
Interceptions Thrown 2020 9 Lamar Jackson
100%
Rushing Attempts 2020 159 Lamar Jackson
100%
Rushing Yards 2020 1005 Lamar Jackson
100%
Passing Yards 2021 2882 Lamar Jackson
100%
Passing TDs 2021 16 Lamar Jackson
100%
Interceptions Thrown 2021 13 Lamar Jackson
100%
Rushing Yards 2021 767 Lamar Jackson
100%
Passing Yards 2022 2242 Lamar Jackson
100%
Passing TDs 2022 17 Lamar Jackson
100%
Interceptions Thrown 2022 7 Lamar Jackson
100%
Rushing Attempts 2022 112 Lamar Jackson
100%
Rushing Yards 2022 764 Lamar Jackson
100%
Passing Yards 2023 3678 Lamar Jackson
100%
Passing TDs 2023 24 Lamar Jackson
100%
Interceptions Thrown 2023 7 Lamar Jackson
100%
Rushing Yards 2023 821 Lamar Jackson
100%
Passing Yards 2024 4172 Lamar Jackson
100%
Passing TDs 2024 41 Lamar Jackson
100%
Interceptions Thrown 2024 4 Lamar Jackson
100%
Passing Yards 2025 2549 Lamar Jackson
100%
Passing TDs 2025 21 Lamar Jackson
100%
Interceptions Thrown 2025 7 Lamar Jackson
100%
Receiving Yards 2019 852 Mark Andrews
100%
Receiving TDs 2019 10 Mark Andrews
100%
Receptions 2019 64 Mark Andrews
100%
Receiving Yards 2021 1361 Mark Andrews
100%
Receiving TDs 2021 9 Mark Andrews
100%
Receptions 2021 107 Mark Andrews
100%
Receiving Yards 2022 847 Mark Andrews
100%
Receiving TDs 2022 5 Mark Andrews
100%
Receptions 2022 73 Mark Andrews
100%
Receiving TDs 2023 6 Mark Andrews
100%
Receiving TDs 2024 11 Mark Andrews
100%
Total Tackles 2000 137 Ray Lewis
100%
Total Tackles 2001 162 Ray Lewis
100%
Total Tackles 2003 163 Ray Lewis
100%
Total Tackles 2004 147 Ray Lewis
100%
Total Tackles 2007 121 Ray Lewis
100%
Total Tackles 2008 118 Ray Lewis
100%
Total Tackles 2009 134 Ray Lewis
100%
Total Tackles 2010 139 Ray Lewis
100%
Total Tackles 2011 95 Ray Lewis
100%
Total Tackles 2023 158 Roquan Smith
100%
Total Tackles 2024 154 Roquan Smith
100%
Total Tackles 2025 130 Roquan Smith
100%
Receiving Yards 2014 1065 Steve Smith Sr.
100%
Receptions 2014 79 Steve Smith Sr.
100%
Receiving TDs 2016 5 Steve Smith Sr.
100%
Total Tackles 2006 103 Tie
100%
Receiving TDs 2010 7 Tie
100%
Receptions 2020 58 Tie
100%
Rushing Attempts 2021 133 Tie
100%
Receiving TDs 2025 5 Tie
100%
Receiving TDs 2011 7 Torrey Smith
100%
Receiving TDs 2012 8 Torrey Smith
100%
Receiving Yards 2013 1128 Torrey Smith
100%
Receptions 2013 65 Torrey Smith
100%
Receiving TDs 2014 11 Torrey Smith
100%
Passing TDs 2000 12 Trent Dilfer
100%
Interceptions Thrown 2000 11 Trent Dilfer
100%
Interceptions 2005 2 3-Way Tie
67%
Receiving Yards 2010 837 Anquan Boldin
67%
Receptions 2010 64 Anquan Boldin
67%
Receiving Yards 2011 887 Anquan Boldin
67%
Receiving Yards 2012 921 Anquan Boldin
67%
Receptions 2012 65 Anquan Boldin
67%
Total Tackles 2014 133 C.J. Mosley
67%
Total Tackles 2017 132 C.J. Mosley
67%
Total Tackles 2018 105 C.J. Mosley
67%
Total Tackles 2013 123 Daryl Smith
67%
Total Tackles 2015 121 Daryl Smith
67%
Rushing Attempts 2024 325 Derrick Henry
67%
Rushing Yards 2024 1921 Derrick Henry
67%
Rushing TDs 2024 16 Derrick Henry
67%
Rushing Attempts 2025 307 Derrick Henry
67%
Rushing Yards 2025 1595 Derrick Henry
67%
Rushing TDs 2025 16 Derrick Henry
67%
Receiving Yards 2005 1073 Derrick Mason
67%
Receptions 2005 86 Derrick Mason
67%
Receiving Yards 2007 1087 Derrick Mason
67%
Receiving TDs 2007 5 Derrick Mason
67%
Receptions 2007 103 Derrick Mason
67%
Receiving Yards 2008 1037 Derrick Mason
67%
Receiving TDs 2008 5 Derrick Mason
67%
Receptions 2008 80 Derrick Mason
67%
Receiving Yards 2009 1028 Derrick Mason
67%
Receiving TDs 2009 7 Derrick Mason
67%
Sacks 2014 17 Elvis Dumervil
67%
Sacks 2015 6 Elvis Dumervil
67%
Rushing Yards 2018 718 Gus Edwards
67%
Rushing Attempts 2023 198 Gus Edwards
67%
Rushing TDs 2023 13 Gus Edwards
67%
Sacks 2024 12.5 Kyle Van Noy
67%
Interceptions 2020 4 Marcus Peters
67%
Interceptions 2022 4 Marcus Williams
67%
Rushing Attempts 2019 202 Mark Ingram
67%
Rushing TDs 2019 10 Mark Ingram
67%
Interceptions 2024 6 Marlon Humphrey
67%
Interceptions 2025 4 Marlon Humphrey
67%
Sacks 2023 13 Nnamdi Madubuike
67%
Total Tackles 2020 106 Patrick Queen
67%
Total Tackles 2021 98 Patrick Queen
67%
Total Tackles 2022 117 Patrick Queen
67%
Sacks 2003 12 Terrell Suggs
67%
Sacks 2004 10.5 Terrell Suggs
67%
Sacks 2007 5 Terrell Suggs
67%
Sacks 2008 8 Terrell Suggs
67%
Sacks 2010 11 Terrell Suggs
67%
Sacks 2011 14 Terrell Suggs
67%
Sacks 2013 10 Terrell Suggs
67%
Sacks 2016 8 Terrell Suggs
67%
Sacks 2017 11 Terrell Suggs
67%
Interceptions 2012 4 Tie
67%
Interceptions 2014 2 Tie
67%
Interceptions 2016 4 Tie
67%
Interceptions 2019 3 Tie
67%
Receiving Yards 2023 858 Zay Flowers
67%
Receptions 2023 77 Zay Flowers
67%
Receiving Yards 2024 1059 Zay Flowers
67%
Receptions 2024 74 Zay Flowers
67%
Receiving Yards 2025 1211 Zay Flowers
67%
Receptions 2025 86 Zay Flowers
67%
Interceptions 2006 6 Chris McAlister
33%
Receiving TDs 2004 4 Clarence Moore
33%
Receptions 2016 86 Dennis Pitta
33%
Interceptions 2002 5 Ed Reed
33%
Interceptions 2003 7 Ed Reed
33%
Interceptions 2004 9 Ed Reed
33%
Interceptions 2007 7 Ed Reed
33%
Interceptions 2008 9 Ed Reed
33%
Interceptions 2010 8 Ed Reed
33%
Passing Yards 2001 3033 Elvis Grbac
33%
Passing TDs 2001 15 Elvis Grbac
33%
Interceptions Thrown 2001 18 Elvis Grbac
33%
Interceptions 2017 6 Eric Weddle
33%
Passing Yards 2002 2084 Jeff Blake
33%
Passing TDs 2002 13 Jeff Blake
33%
Interceptions Thrown 2002 11 Jeff Blake
33%
Rushing TDs 2020 9 J.K. Dobbins
33%
Rushing Attempts 2014 235 Justin Forsett
33%
Rushing Yards 2014 1266 Justin Forsett
33%
Rushing TDs 2014 8 Justin Forsett
33%
Rushing Attempts 2015 151 Justin Forsett
33%
Rushing Yards 2015 641 Justin Forsett
33%
Receiving Yards 2015 944 Kamar Aiken
33%
Receiving TDs 2015 5 Kamar Aiken
33%
Receptions 2015 75 Kamar Aiken
33%
Receptions 2004 35 Kevin Johnson
33%
Passing Yards 2003 1260 Kyle Boller
33%
Interceptions Thrown 2003 9 Kyle Boller
33%
Passing Yards 2004 2559 Kyle Boller
33%
Passing TDs 2004 13 Kyle Boller
33%
Interceptions Thrown 2004 11 Kyle Boller
33%
Passing Yards 2005 1799 Kyle Boller
33%
Passing TDs 2005 11 Kyle Boller
33%
Interceptions Thrown 2005 12 Kyle Boller
33%
Passing Yards 2007 1743 Kyle Boller
33%
Passing TDs 2007 9 Kyle Boller
33%
Interceptions Thrown 2007 10 Kyle Boller
33%
Sacks 2019 9.5 Matt Judon
33%
Sacks 2020 6 Matt Judon
33%
Receiving Yards 2016 1017 Mike Wallace
33%
Receiving Yards 2017 748 Mike Wallace
33%
Rushing Attempts 2009 154 Ray Rice
33%
Rushing Yards 2009 1339 Ray Rice
33%
Receptions 2009 78 Ray Rice
33%
Rushing Attempts 2010 307 Ray Rice
33%
Rushing Yards 2010 1220 Ray Rice
33%
Rushing Attempts 2011 291 Ray Rice
33%
Rushing Yards 2011 1364 Ray Rice
33%
Rushing TDs 2011 12 Ray Rice
33%
Receptions 2011 76 Ray Rice
33%
Rushing Attempts 2012 257 Ray Rice
33%
Rushing Yards 2012 1143 Ray Rice
33%
Rushing TDs 2012 9 Ray Rice
33%
Rushing Attempts 2013 214 Ray Rice
33%
Rushing Yards 2013 660 Ray Rice
33%
Rushing TDs 2013 4 Ray Rice
33%
Receiving Yards 2000 810 Shannon Sharpe
33%
Receptions 2000 67 Shannon Sharpe
33%
Passing Yards 2006 3050 Steve McNair
33%
Passing TDs 2006 16 Steve McNair
33%
Interceptions Thrown 2006 12 Steve McNair
33%
Receiving TDs 2000 5 Tie
33%
Receiving TDs 2002 6 Tie
33%
Rushing TDs 2010 5 Tie
33%
Receiving TDs 2017 4 Tie
33%
Sacks 2025 5 Travis Jones
33%
Receiving Yards 2002 869 Travis Taylor
33%
Receiving Yards 2004 421 Travis Taylor
33%
Rushing Attempts 2007 294 Willis McGahee
33%
Rushing Yards 2007 1207 Willis McGahee
33%
Rushing TDs 2007 7 Willis McGahee
33%
Rushing TDs 2009 12 Willis McGahee
33%
Total Tackles 2016 133 Zach Orr
33%
Sacks 2018 8.5 Za’Darius Smith
33%
Sacks 2005 9 Adalius Thomas
0%
Rushing Attempts 2017 212 Alex Collins
0%
Rushing Yards 2017 973 Alex Collins
0%
Rushing TDs 2017 6 Alex Collins
0%
Rushing TDs 2018 7 Alex Collins
0%
Interceptions 2021 3 Anthony Averett
0%
Passing TDs 2003 9 Anthony Wright
0%
Receptions 2017 61 Ben Watson
0%
Total Tackles 2012 98 Bernard Pollard
0%
Total Tackles 2019 73 Chuck Clark
0%
Interceptions 2013 4 Corey Graham
0%
Interceptions 2000 6 Duane Starks
0%
Interceptions 2001 4 Duane Starks
0%
Total Tackles 2002 144 Ed Hartwell
0%
Interceptions 2023 7 Geno Stone
0%
Rushing TDs 2001 5 Jason Brookins
0%
Receiving Yards 2018 715 John Brown
0%
Receiving TDs 2018 5 John Brown
0%
Sacks 2022 9.5 Justin Houston
0%
Rushing TDs 2022 4 Kenyan Drake
0%
Interceptions 2011 5 Lardarius Webb
0%
Rushing TDs 2021 6 Latavius Murray
0%
Rushing Attempts 2008 232 Le'Ron McClain
0%
Rushing Yards 2008 902 Le'Ron McClain
0%
Rushing TDs 2008 10 Le'Ron McClain
0%
Receiving TDs 2003 6 Marcus Robinson
0%
Receiving Yards 2006 939 Mark Clayton
0%
Receiving TDs 2013 7 Marlon Brown
0%
Receiving Yards 2020 769 Marquise Brown
0%
Receiving TDs 2020 8 Marquise Brown
0%
Sacks 2012 9 Paul Kruger
0%
Sacks 2001 15 Peter Boulware
0%
Sacks 2002 7 Peter Boulware
0%
Receiving Yards 2001 1059 Qadry Ismail
0%
Receiving TDs 2001 7 Qadry Ismail
0%
Receptions 2001 74 Qadry Ismail
0%
Sacks 2000 10.5 Rob Burnett
0%
Rushing Attempts 2016 193 Terrance West
0%
Rushing Yards 2016 774 Terrance West
0%
Rushing TDs 2016 5 Terrance West
0%
Rushing Attempts 2001 168 Terry Allen
0%
Rushing Yards 2001 658 Terry Allen
0%
Interceptions 2009 4 Tie
0%
Receptions 2002 68 Todd Heap
0%
Receiving Yards 2003 693 Todd Heap
0%
Receptions 2003 57 Todd Heap
0%
Receiving TDs 2005 7 Todd Heap
0%
Receiving TDs 2006 6 Todd Heap
0%
Receptions 2006 73 Todd Heap
0%
Total Tackles 2005 97 Tommy Polley
0%
Passing Yards 2000 1578 Tony Banks
0%
Sacks 2006 13 Trevor Pryce
0%
Sacks 2009 6.5 Trevor Pryce
0%
Sacks 2021 7 Tyus Bowser
0%
Receptions 2018 62 Willie Snead
0%
No matching quizzes found
Score Distribution
Percent of People with Each Score
Percentile by Number Answered
Your Score History
You have not taken this quiz since the last reset